logo

Bir Sreshtho Munshi Abdur Rouf Library
Jhenaidah Cadet College

আইজ্যাক আসিমভ: (Record no. 11898)

MARC details
000 -LEADER
fixed length control field 00827nam a2200241 a 4500
001 - CONTROL NUMBER
JCCL Control Number 11898
003 - CONTROL NUMBER IDENTIFIER
JCCL marc code BD-JhCC
005 - DATE AND TIME OF LATEST TRANSACTION
control field 20210413134020.0
008 - FIXED-LENGTH DATA ELEMENTS--GENERAL INFORMATION
fixed length control field 201122t2013 bg a|||| ||a| 000 0 ben d
020 ## - INTERNATIONAL STANDARD BOOK NUMBER
International Standard Book Number 9847018201392
035 ## - SYSTEM CONTROL NUMBER
system control number (BD-JhCC)11898
040 ## - CATALOGING SOURCE
Original cataloging agency BD-JhCC
Modifying agency BD-JhCC
041 ## - LANGUAGE CODE
Language code of Book ben
082 ## - DEWEY DECIMAL CLASSIFICATION NUMBER
Classification number 813.54
Author mark and Year ASI 2013
100 ## - MAIN ENTRY--PERSONAL NAME
Personal name আজিমভ,আইজ্যাক
245 ## - TITLE STATEMENT
Title আইজ্যাক আসিমভ:
Remainder of title বেস্ট অব আর্থার সি.ক্লার্ক /
Statement of responsibility, etc অনু: হাসান খুরশীদ রুমী ।
260 ## - PUBLICATION, DISTRIBUTION, ETC. (IMPRINT)
Place of publication, distribution, etc ঢাকা:
Name of publisher, distributor, etc সয়াচার;
Date of publication, distribution, etc ২০১৩.
300 ## - PHYSICAL DESCRIPTION
Pagination 239 p. :
Dimensions 22 cm.
650 ## - SUBJECT ADDED ENTRY--TOPICAL TERM
Topical term or geographic name as entry element Bengali Science Fiction
700 ## - ADDED ENTRY--PERSONAL NAME
Personal name খুরশীদ রুমী,হাসান
942 ## - ADDED ENTRY ELEMENTS (KOHA)
Source of classification or shelving scheme Dewey Decimal Classification
Koha item type Books
Koha issues (borrowed), all copies 1
Holdings
Source of classification or shelving scheme Damaged status Not for loan Home library Current library Shelving location Date of accession Source of acquisition Cost, normal purchase price Total Checkouts Full call number Barcode Date last seen Date checked out Copy number Koha item type
Dewey Decimal Classification     JCC Rouf Library JCC Rouf Library General Stacks 11/25/2020 Lt. Gen. Mahfuzur Rahman (10th intake) 225.00 4 813.54 ASI 2013 16378 01/18/2026 11/20/2025 C-1 Books

JCC Library | Contacts | JCC Home

Last Update on 23 September 2017
Copyright @ 2017-2020 JCC Rouf Library
Rouf Library, Jhenidah Cadet College (JCC), Bangladesh